Statistics for Football Teams Denis Law Played For

Click here to take the quiz!

General Stats

  • This quiz has been taken 15 times
  • The average score is 4 of 5

Answer Stats

LeagueYearsTeam% Correct
England1960-1961Manchester City
100%
England1973-1974Manchester City
100%
England1962-1973Manchester United
100%
Italy1961-1962Torino FC
75%
England1955-1960Huddersfield Town
42%

Score Distribution

Percentile by Number Answered

Percent of People with Each Score

Your Score History

You have not taken this quiz